Eminem Song Title by Synonym - Statistics

General Stats
  • This quiz has been taken 52 times
  • The average score is 6 of 12
Answer Stats
Hint Answer % Correct
Misplace Your Body Lose Yourself
87%
Hip Hop Deity Rap God
73%
Apocalyptic Radioactive Dinosaur Monster Godzilla
71%
The Legitimate Skinny Dark The Real Slim Shady
67%
Fortunate Yourself Lucky You
53%
Steve Stan
51%
Ultra Guy Superman
49%
Tidying Up My Crawlspace Cleanin' Out My Closet
47%
Poison Venom
40%
Lacking Myself Without Me
38%
Courageous Not Afraid
33%
Copying Poultry Mockingbird
24%
No matching quizzes found
Score Distribution
Percent of People with Each Score
Percentile by Number Answered
Your Score History
You have not taken this quiz